| 000 | 00574nam a22001817a 4500 | ||
|---|---|---|---|
| 005 | 20230921120059.0 | ||
| 010 | _aENG-138215 | ||
| 020 | _c700.00 | ||
| 035 | _aEN-121747 | ||
| 037 | _bDBAD/PUB | ||
| 082 | _a616.0759028 | ||
| 245 |
_aPost Mortem Techniques And Diagnostic Procedures/ _cBinay Kumar Sinha |
||
| 260 |
_aBihar _bMRS. Pushpa Sinha _c2011 |
||
| 270 |
_a210/5,Vishal Residency ,Raja Bazaar Opp.Petrol Pump _bPatna _e800014 |
||
| 300 |
_a614 _c25cm(pbk) |
||
| 700 |
_aVolga Kalpana Kannabiran _956902 |
||
| 942 |
_2ddc _cEN _h616.0759028 _mSIN |
||
| 999 |
_c198502 _d198502 |
||